Standard Mathematical tables (Record no. 377571)

000 -LEADER
fixed length control field 00235 a2200097 4500
090 ## - LOCALLY ASSIGNED LC-TYPE CALL NUMBER (OCLC); LOCAL CALL NUMBER (RLIN)
-- 15067
-- 15067
100 ## - MAIN ENTRY--PERSONAL NAME
Personal name Selby, S M
245 ## - TITLE STATEMENT
Title Standard Mathematical tables
260 ## - PUBLICATION, DISTRIBUTION, ETC.
Place of publication, distribution, etc.
Name of publisher, distributor, etc. Chemical Rubber Co
Date of publication, distribution, etc. 1968
942 ## - ADDED ENTRY ELEMENTS (KOHA)
Institution code [OBSOLETE] NUST-CAE
Koha item type
--
Holdings
Withdrawn status Lost status Damaged status Not for loan Permanent Location Current Location Date acquired Total Checkouts Barcode Date last seen Price effective from Koha item type
        College of Aeronautical Engineering (CAE) College of Aeronautical Engineering (CAE) 03/28/2018   CAE16229 03/28/2018 03/28/2018 Book
        College of Aeronautical Engineering (CAE) College of Aeronautical Engineering (CAE) 03/28/2018   CAE16228 03/28/2018 03/28/2018 Book
        College of Aeronautical Engineering (CAE) College of Aeronautical Engineering (CAE) 03/28/2018   CAE16227 03/28/2018 03/28/2018 Book
© 2023 Central Library, National University of Sciences and Technology. All Rights Reserved.